Security of automated lounge services in airport (Record no. 6500)
[ view plain ]
| 000 -LEADER | |
|---|---|
| fixed length control field | 01301nam a22001937a 4500 |
| 003 - CONTROL NUMBER IDENTIFIER | |
| control field | OSt |
| 005 - DATE AND TIME OF LATEST TRANSACTION | |
| control field | 20220107122850.0 |
| 008 - FIXED-LENGTH DATA ELEMENTS--GENERAL INFORMATION | |
| fixed length control field | 190618b xxu||||| |||| 00| 0 eng d |
| 040 ## - CATALOGING SOURCE | |
| Transcribing agency | IIITMK |
| 100 ## - MAIN ENTRY--PERSONAL NAME | |
| Personal name | Varada S (93617035) |
| 9 (RLIN) | 15869 |
| 245 ## - TITLE STATEMENT | |
| Title | Security of automated lounge services in airport |
| 300 ## - PHYSICAL DESCRIPTION | |
| Extent | MSC CS 2017-2019 |
| 500 ## - GENERAL NOTE | |
| General note | Internet of Things(IoT) is a network of physical objects, sensors, software and network<br/>connectivity that enables these objects to communicate, collect and exchange data.<br/>IoT simulators enable users to create and simulate hundreds of virtual connected devices<br/>without having to congure and manage physical devices or develop time consuming<br/>scripts.<br/>The project aims developing a system that can measure and control the environmental<br/>conditions of an airport lounge such as temperature, pressure, humidity and light intensity.<br/>The project mainly focuses on analysing the power consumption, throughput and<br/>end-to-end delay of sensor data transmitted under dierent network protocols supported<br/>by Contiki OS and nally identifying the best protocol for data transmission. |
| 502 ## - DISSERTATION NOTE | |
| Degree type | MSC CS |
| Name of granting institution | 2017-2019 |
| Year degree granted | INT |
| -- | Dr Sabu M Thampi |
| 650 ## - SUBJECT ADDED ENTRY--TOPICAL TERM | |
| Topical term or geographic name entry element | ROUTING PROTOCOL |
| 9 (RLIN) | 15870 |
| 650 ## - SUBJECT ADDED ENTRY--TOPICAL TERM | |
| Topical term or geographic name entry element | COOJA SIMULATION |
| 9 (RLIN) | 15871 |
| 650 ## - SUBJECT ADDED ENTRY--TOPICAL TERM | |
| Topical term or geographic name entry element | INTERNET OF THINGS |
| 9 (RLIN) | 15872 |
| 942 ## - ADDED ENTRY ELEMENTS (KOHA) | |
| Source of classification or shelving scheme | Dewey Decimal Classification |
| Koha item type | |
| Withdrawn status | Lost status | Source of classification or shelving scheme | Damaged status | Not for loan | Collection code | Home library | Current library | Shelving location | Date acquired | Total Checkouts | Barcode | Date last seen | Price effective from | Koha item type |
|---|---|---|---|---|---|---|---|---|---|---|---|---|---|---|
| Dewey Decimal Classification | Non Fiction | IIITM-K | Kerala University of Digital Sciences, Innovation and Technology Knowledge Centre | 18/06/2019 | R-1504 | 18/06/2019 | 18/06/2019 | Project Reports |